[Event "76th NED-ch qual"]
[Site "Hoogeveen NED"]
[Date "2021.10.15"]
[Round "1.1"]
[White "Lai, Hing Ting"]
[Black "Hilwerda, Jonas"]
[Result "1-0"]
[WhiteElo "2439"]
[BlackElo "2295"]
[EventDate "2021.10.15"]
[PlyCount "91"]

1. d4 Nf6 2. c4 g6 3. Nf3 Bg7 4. g3 O-O 5. Bg2 d6 6. Nc3 Nc6 7. O-O e5 8. d5 Nb8
9. Ne1 a5 10. e4 Na6 11. Rb1 Nc5 12. b3 Nfd7 13. a3 f5 14. exf5 gxf5 15. b4 Na6
16. Ne2 Nf6 17. f4 e4 18. Nc2 axb4 19. axb4 c5 20. dxc6 bxc6 21. h3 Be6 22. Ncd4
Bd7 23. b5 cxb5 24. Nxb5 d5 25. Ba3 dxc4 26. Qc1 Bxb5 27. Rxb5 Qd3 28. Bxf8 Rxf8
29. Re1 Nd5 30. Rd1 Qxe2 31. Rbxd5 c3 32. Rd7 Nc5 33. Rxg7+ Kxg7 34. Qxc3+ Kg8
35. Ra1 Nd3 36. Qc4+ Rf7 37. Ra8+ Kg7 38. Qd4+ Rf6 39. Ra7+ Kg6 40. Qd7 h6 41.
Qg7+ Kh5 42. Qxf6 Qf2+ 43. Kh2 Qxa7 44. g4+ fxg4 45. Qf5+ Kh4 46. Qxg4# 1-0

[Event "76th NED-ch qual"]
[Site "Hoogeveen NED"]
[Date "2021.10.20"]
[Round "2.3"]
[White "Lai, Hing Ting"]
[Black "Janssen, Ruud"]
[Result "1/2-1/2"]
[WhiteElo "2439"]
[BlackElo "2528"]
[EventDate "2021.10.15"]
[PlyCount "65"]

1. d4 Nf6 2. Bg5 e6 3. e4 h6 4. Bxf6 Qxf6 5. Qd2 e5 6. c3 Nc6 7. Nf3 exd4 8.
cxd4 Bb4 9. Nc3 d6 10. a3 Ba5 11. b4 Bb6 12. Nd5 Qg6 13. Qe3 Bg4 14. Bb5 Bxf3
15. Qxf3 Kd8 16. Bxc6 bxc6 17. Nxb6 axb6 18. O-O Re8 19. Rfe1 b5 20. h3 Ra6 21.
Rad1 Ke7 22. d5 Kf8 23. dxc6 Rxc6 24. Rd5 Rc4 25. Rf5 c6 26. Kh2 Kg8 27. Rf4 Re5
28. Re3 Qe6 29. Rg4 h5 30. Rf4 Qe7 31. g3 Qe6 32. Kg2 Qe7 33. Kh2 1/2-1/2

[Event "76th NED-ch qual"]
[Site "Hoogeveen NED"]
[Date "2021.10.20"]
[Round "2.5"]
[White "Janssen, Ruud"]
[Black "Lai, Hing Ting"]
[Result "0-1"]
[WhiteElo "2528"]
[BlackElo "2439"]
[EventDate "2021.10.15"]
[PlyCount "97"]

1. c4 e6 2. Nc3 d5 3. d4 Bb4 4. Nf3 Nf6 5. cxd5 exd5 6. Bg5 h6 7. Bh4 O-O 8. e3
c5 9. dxc5 Be6 10. Rc1 Nbd7 11. a3 Bxc5 12. Be2 Qe7 13. O-O Rad8 14. b4 Bd6 15.
Nb5 Bb8 16. Bg3 Bxg3 17. hxg3 a6 18. Nbd4 Nb6 19. Nxe6 fxe6 20. Ne5 Qd6 21. Qd4
Nbd7 22. Nxd7 Rxd7 23. Rfd1 e5 24. Qc5 Qe6 25. Bd3 g5 26. Bb1 Kg7 27. Rc2 Rff7
28. Rcd2 Rd6 29. Qa5 Rfd7 30. b5 h5 31. bxa6 Rxa6 32. Qb4 Qd6 33. Qb2 Rxa3 34.
Qc2 e4 35. Ba2 Ra5 36. Qc3 Rc5 37. Qb4 Kg6 38. Qb2 h4 39. gxh4 gxh4 40. Rd4 Qe5
41. Qe2 Rd6 42. f4 Qf5 43. Qb2 b6 44. Qf2 Qg4 45. Kh1 Qg3 46. Kg1 Kf5 47. Kf1
Rd7 48. Bb1 Ke6 49. Qxg3 0-1

[Event "76th NED-ch qual"]
[Site "Hoogeveen NED"]
[Date "2021.10.20"]
[Round "2.6"]
[White "Lai, Hing Ting"]
[Black "Janssen, Ruud"]
[Result "0-1"]
[WhiteElo "2439"]
[BlackElo "2528"]
[EventDate "2021.10.15"]
[PlyCount "76"]

1. d4 Nf6 2. Nf3 e6 3. Bf4 Be7 4. h3 O-O 5. Nbd2 c5 6. e3 b6 7. Bd3 d5 8. c3 Ba6
9. Bxa6 Nxa6 10. Qe2 Qc8 11. O-O Qb7 12. a4 Nb8 13. Ne5 a6 14. Bg5 Nc6 15. Ndf3
Na5 16. Nd2 c4 17. e4 b5 18. Bxf6 Bxf6 19. Ng4 Be7 20. exd5 Qxd5 21. axb5 axb5
22. Ne3 Qb7 23. Qh5 f5 24. Qe2 f4 25. Ng4 Qd5 26. Rfe1 Nb3 27. Rab1 h5 28. Ne5
Nxd2 29. Qxd2 Bd6 30. Qe2 Rf5 31. Nf3 Rf6 32. h4 Qf5 33. Ng5 Rg6 34. Qxh5 Rh6
35. Qf3 Rf8 36. Qc6 Rxh4 37. Nf3 Rh6 38. Qxd6 Qh7 0-1

[Event "76th NED-ch qual"]
[Site "Hoogeveen NED"]
[Date "2021.10.20"]
[Round "2.7"]
[White "Janssen, Ruud"]
[Black "Lai, Hing Ting"]
[Result "0-1"]
[WhiteElo "2528"]
[BlackElo "2439"]
[EventDate "2021.10.15"]
[PlyCount "74"]

1. c4 e6 2. Nc3 Bb4 3. e4 c5 4. Nf3 Nc6 5. a3 Ba5 6. Be2 Nf6 7. d3 d5 8. exd5
exd5 9. cxd5 Nxd5 10. Bd2 O-O 11. O-O Bc7 12. Nxd5 Qxd5 13. Re1 a5 14. Qc2 b6
15. Qc4 Qd6 16. Bc3 Be6 17. Qh4 Bd5 18. Ng5 h6 19. Ne4 Qf4 20. Qxf4 Bxf4 21. a4
Rfd8 22. g3 Bc7 23. Nd2 Nb4 24. Rac1 Nc6 25. Nc4 Rab8 26. Bf1 Be6 27. Bg2 Ne7
28. Be5 Bxe5 29. Nxe5 Rd4 30. Re4 Rbd8 31. Rxd4 Rxd4 32. Nc4 Rxd3 33. Nxb6 Rd4
34. Bf1 Rb4 35. Na8 Rxb2 36. Rxc5 Rb1 37. Kg2 Bd5+ 0-1

[Event "76th NED-ch qual"]
[Site "Hoogeveen NED"]
[Date "2021.10.20"]
[Round "2.5"]
[White "Ten Hertog, Hugo"]
[Black "Van den Doel, Erik"]
[Result "1/2-1/2"]
[WhiteElo "2516"]
[BlackElo "2604"]
[EventDate "2021.10.15"]
[PlyCount "120"]

1. Nf3 d5 2. g3 Nd7 3. Bg2 e5 4. d3 Ngf6 5. O-O c6 6. Nc3 Bd6 7. e4 O-O 8. h3
Re8 9. Re1 h6 10. Nh4 Nb6 11. Qf3 Bb4 12. Rd1 Bxc3 13. bxc3 Na4 14. c4 Nc3 15.
Re1 dxe4 16. dxe4 Na4 17. Qa3 Qa5 18. Rd1 Be6 19. Bd2 Qa6 20. c5 Red8 21. Be3
Rxd1+ 22. Rxd1 Qc4 23. Nf3 Nd7 24. Rxd7 Bxd7 25. Nxe5 Qc3 26. Qxc3 Nxc3 27. Nxd7
Nxa2 28. Ne5 Nb4 29. c3 Nc2 30. Bd2 a5 31. Bf1 Rd8 32. Nc4 a4 33. Nd6 Na3 34. e5
Kf8 35. Be2 Ra8 36. Bc1 Nb1 37. Bc4 a3 38. Bxf7 Nxc3 39. Be3 a2 40. Bxa2 Rxa2
41. Nxb7 Nd5 42. Bd4 Rd2 43. Be3 Nxe3 44. fxe3 Rd3 45. Kf2 Ke7 46. Kf3 Ke6 47.
Na5 Kd5 48. e6 Kxe6 49. Nxc6 Rc3 50. Nd4+ Ke5 51. c6 h5 52. g4 g6 53. gxh5 gxh5
54. h4 Rc5 55. Ke2 Ke4 56. Kd2 Rc4 57. Ke2 Ra4 58. Kd2 Rc4 59. Ke2 Rc5 60. Kd2
Rc4 1/2-1/2

[Event "76th NED-ch qual"]
[Site "Hoogeveen NED"]
[Date "2021.10.20"]
[Round "2.6"]
[White "Van den Doel, Erik"]
[Black "Ten Hertog, Hugo"]
[Result "1-0"]
[WhiteElo "2604"]
[BlackElo "2516"]
[EventDate "2021.10.15"]
[PlyCount "99"]

1. d4 Nf6 2. Nf3 g6 3. Bg5 Bg7 4. Nbd2 O-O 5. c3 d6 6. e4 Nc6 7. Bb5 h6 8. Bh4
a6 9. Ba4 b5 10. Bc2 e5 11. dxe5 dxe5 12. O-O Bb7 13. b4 g5 14. Bg3 Qe7 15. a4
Nd7 16. axb5 axb5 17. Qe2 Na7 18. Ra2 Nb6 19. Rfa1 Na4 20. Bxa4 bxa4 21. Rxa4
Nc6 22. Rxa8 Rxa8 23. Rxa8+ Bxa8 24. Nc4 Qe6 25. b5 Ne7 26. Bxe5 Bxe5 27. Nfxe5
f6 28. Qg4 f5 29. exf5 Nxf5 30. h4 Ng7 31. Qd4 Qd5 32. Qxd5+ Bxd5 33. Ne3 Bb7
34. N5g4 Kh7 35. hxg5 hxg5 36. Kf1 Ne6 37. f3 Kg6 38. Ke2 Nc5 39. Kd2 Kf7 40. c4
Ke6 41. Kc3 Kd6 42. Nf5+ Ke6 43. Nd4+ Kd6 44. Nf2 Nd7 45. Nd3 g4 46. Kb4 gxf3
47. gxf3 Ba8 48. c5+ Kd5 49. c6 Nb8 50. Kc3 1-0

[Event "76th NED-ch final"]
[Site "Rotterdam NED"]
[Date "2021.11.27"]
[Round "1"]
[White "Pruijssers, Roeland"]
[Black "Warmerdam, Max"]
[Result "1/2-1/2"]
[WhiteElo "2570"]
[BlackElo "2608"]
[EventDate "2021.11.27"]
[PlyCount "81"]

1.e4 c5 2.Nc3 Nc6 3.Nge2 d6 4.d4 cxd4 5.Nxd4 Nf6 6.f3 e5 7.Nb3 Be7 8.Be3 
Be6 9.Nd5 O-O 10.c3 Nb8 11.Nxf6+ Bxf6 12.Be2 Bg5 13.Qd2 Bxe3 14.Qxe3 a5 
15.O-O Qc7 16.Nd2 Rc8 17.Rfc1 Nd7 18.Bb5 a4 19.b4 axb3 20.axb3 Rxa1 21.
Rxa1 Qxc3 22.Qxc3 Rxc3 23.Bxd7 Bxd7 24.Ra8+ Rc8 25.Rxc8+ Bxc8 26.Nc4 Be6 
27.Nxd6 Bxb3 28.Nxb7 h5 29.h4 f6 30.Kf2 Kf7 31.Ke3 Ke7 32.Kd3 Bf7 33.Kc3 
Kd7 34.Kb4 Kc7 35.Na5 Kb6 36.Nc4+ Bxc4 37.Kxc4 Kc6 38.Kb4 Kb6 39.Kc4 Kc6 
40.Kb4 Kb6 41.Kc4 1/2-1/2

[Event "76th NED-ch final"]
[Site "Rotterdam NED"]
[Date "2021.11.27"]
[Round "1"]
[White "Swinkels, Robin"]
[Black "Lai, Hing Ting"]
[Result "1/2-1/2"]
[WhiteElo "2523"]
[BlackElo "2439"]
[EventDate "2021.11.27"]
[PlyCount "142"]

1.e4 c6 2.d4 d5 3.e5 Bf5 4.Nd2 e6 5.Nb3 Ne7 6.Nf3 Nd7 7.Be2 h6 8.O-O g5 9.
a4 a5 10.Be3 Bg7 11.c3 Bg6 12.h3 O-O 13.Re1 b6 14.c4 dxc4 15.Bxc4 Nd5 16.
Bd2 Qe7 17.Rc1 Rfd8 18.Qe2 Nb4 19.Be3 Rac8 20.Red1 Nf8 21.Nh2 Nh7 22.Ng4 
Na2 23.Ra1 Nb4 24.Rac1 Na2 25.Ra1 Nb4 26.Rdc1 Rd7 27.Kh1 Rdc7 28.f3 Qd8 
29.Bf2 b5 30.axb5 cxb5 31.Bxb5 Rc2 32.Qf1 Rxb2 33.Rxc8 Qxc8 34.Nc5 Nd5 35.
Bd3 Bxd3 36.Nxd3 Rd2 37.Nc5 Nf8 38.Qe1 Rc2 39.Ne3 Nxe3 40.Bxe3 Ng6 41.Qxa5
Re2 42.Re1 Rb2 43.Qc3 Qb8 44.Rc1 Qb5 45.Qd3 Qxd3 46.Nxd3 Re2 47.Re1 Rxe1+ 
48.Nxe1 f6 49.exf6 Bxf6 50.Kg1 Ne7 51.Nc2 e5 52.Kf2 Kf7 53.Ke2 Nd5 54.Kd3 
Ke6 55.Bd2 Ne7 56.Ke4 exd4 57.Nxd4+ Bxd4 58.Kxd4 Nf5+ 59.Ke4 Nd6+ 60.Kd3 
Kf5 61.Kd4 h5 62.Kd5 Nf7 63.g4+ hxg4 64.hxg4+ Kg6 65.Ke6 Nh6 66.Bc3 Nf7 
67.Bf6 Nh6 68.Bd4 Nf7 69.Bb6 Nh6 70.Ba5 Nf7 71.Ke7 Ne5 1/2-1/2

[Event "76th NED-ch final"]
[Site "Rotterdam NED"]
[Date "2021.11.28"]
[Round "2"]
[White "Lai, Hing Ting"]
[Black "Pruijssers, Roeland"]
[Result "1-0"]
[WhiteElo "2439"]
[BlackElo "2570"]
[EventDate "2021.11.27"]
[PlyCount "111"]

1.d4 Nf6 2.Nf3 d5 3.Bf4 g6 4.e3 Bg7 5.Nbd2 O-O 6.Bd3 b6 7.O-O Bb7 8.c3 c5 
9.Qe2 Nc6 10.h3 Nd7 11.Rfd1 Re8 12.Rac1 e6 13.a3 Qe7 14.Ba6 Bxa6 15.Qxa6 
c4 16.e4 Nf6 17.e5 Nh5 18.Be3 Qd7 19.a4 Nb8 20.Qb5 Qc8 21.g4 a6 22.Qxb6 
Nc6 23.Nxc4 dxc4 24.Qc5 Bf8 25.Qxc4 Ng7 26.Qd3 a5 27.Qe4 Qa6 28.Qf4 Be7 
29.b3 Rf8 30.Qe4 Rab8 31.Rb1 Rfc8 32.c4 Qb7 33.Rd2 Rd8 34.d5 Nb4 35.Rbd1 
Rd7 36.Bg5 Rbd8 37.Bxe7 Rxe7 38.Ng5 exd5 39.cxd5 Ne8 40.e6 f6 41.Nf7 Rxf7 
42.exf7+ Qxf7 43.d6 Ng7 44.Re1 Qxb3 45.Qe7 Nc6 46.Qc7 Qb4 47.Re7 Ne8 48.
Qxc6 Qxd2 49.Rxe8+ Rxe8 50.Qxe8+ Kg7 51.Qe7+ Kg8 52.d7 Qc1+ 53.Kg2 Qc6+ 
54.f3 Qc2+ 55.Kg3 Qc7+ 56.Kh4 1-0

[Event "76th NED-ch final"]
[Site "Rotterdam NED"]
[Date "2021.11.28"]
[Round "2"]
[White "Swinkels, Robin"]
[Black "Warmerdam, Max"]
[Result "0-1"]
[WhiteElo "2523"]
[BlackElo "2608"]
[EventDate "2021.11.27"]
[PlyCount "68"]

1.e4 c5 2.Nc3 d6 3.d4 cxd4 4.Qxd4 Nc6 5.Qd2 g6 6.b3 Bh6 7.f4 f5 8.Bb2 Nf6 
9.O-O-O Rf8 10.Nge2 Qa5 11.h3 Nxe4 12.Qe1 Be6 13.Kb1 O-O-O 14.g4 Rf7 15.
Nxe4 fxe4 16.Qxa5 Nxa5 17.g5 Bg7 18.Bxg7 Rxg7 19.c4 Rf7 20.Bg2 Bf5 21.Kb2 
Nc6 22.Kc3 e6 23.Nd4 d5 24.c5 h6 25.gxh6 Rh8 26.b4 Rxh6 27.b5 Nxd4 28.Kxd4
Rh4 29.Ke5 Rh5 30.Kd4 g5 31.fxg5 Rxg5 32.Bf1 e5+ 33.Kxe5 Bg4+ 34.Kd6 Rd7# 
0-1

[Event "76th NED-ch final"]
[Site "Rotterdam NED"]
[Date "2021.11.29"]
[Round "3"]
[White "Pruijssers, Roeland"]
[Black "Swinkels, Robin"]
[Result "1/2-1/2"]
[WhiteElo "2570"]
[BlackElo "2523"]
[EventDate "2021.11.27"]
[PlyCount "80"]

1.e4 c5 2.Nc3 Nc6 3.Nge2 d6 4.d4 cxd4 5.Nxd4 Nf6 6.Bg5 e6 7.Qd2 a6 8.O-O-O
Bd7 9.f3 Nxd4 10.Qxd4 Be7 11.g4 h5 12.gxh5 Nxh5 13.Bxe7 Qxe7 14.Rg1 Bc6 
15.Qxd6 Qxd6 16.Rxd6 Nf4 17.Rd2 g6 18.b4 Ke7 19.a4 Rh5 20.Kb2 Rah8 21.Rg4 
e5 22.b5 axb5 23.axb5 Be8 24.h3 Bd7 25.Rxf4 exf4 26.Nd5+ Rxd5 27.Rxd5 Bxh3
28.Bxh3 Rxh3 29.Rd3 g5 30.Kc3 Ke6 31.Kd4 f5 32.c4 g4 33.exf5+ Kxf5 34.
fxg4+ Kxg4 35.Rxh3 Kxh3 36.c5 f3 37.c6 bxc6 38.bxc6 f2 39.c7 f1=Q 40.c8=Q+
Kg2 1/2-1/2

[Event "76th NED-ch final"]
[Site "Rotterdam NED"]
[Date "2021.11.29"]
[Round "3"]
[White "Warmerdam, Max"]
[Black "Lai, Hing Ting"]
[Result "1-0"]
[WhiteElo "2608"]
[BlackElo "2439"]
[EventDate "2021.11.27"]
[PlyCount "77"]

1.c4 Nf6 2.Nc3 e6 3.e4 d5 4.e5 d4 5.exf6 dxc3 6.bxc3 Qxf6 7.Nf3 Nc6 8.d4 
e5 9.d5 Nb8 10.Bd3 Nd7 11.Bg5 Qd6 12.O-O Be7 13.Bxe7 Qxe7 14.Re1 O-O 15.
Bc2 Qf6 16.Ba4 c6 17.Rb1 h6 18.Bc2 Re8 19.Qd3 g6 20.Nd2 Kg7 21.Qe3 Nb6 22.
d6 Bf5 23.Bxf5 Qxf5 24.a4 Rad8 25.a5 Nc8 26.c5 b6 27.Nc4 bxc5 28.Qxc5 e4 
29.Qd4+ Kg8 30.Red1 Rd7 31.a6 Red8 32.Rb8 Kh7 33.h3 h5 34.Qe5 f6 35.Qxf5 
gxf5 36.Na5 Nxd6 37.Rxd8 Rxd8 38.Nxc6 Rd7 39.c4 1-0

[Event "76th NED-ch final"]
[Site "Rotterdam NED"]
[Date "2021.12.01"]
[Round "4"]
[White "Lai, Hing Ting"]
[Black "Swinkels, Robin"]
[Result "1/2-1/2"]
[WhiteElo "2439"]
[BlackElo "2523"]
[EventDate "2021.11.27"]
[PlyCount "93"]

1.d4 Nf6 2.c4 e6 3.Nf3 d5 4.g3 dxc4 5.Bg2 a6 6.O-O Nc6 7.e3 Rb8 8.Qe2 b5 
9.b3 cxb3 10.axb3 Be7 11.Rd1 O-O 12.Bb2 Rb6 13.Nc3 Bb7 14.e4 Nb4 15.h4 Re8
16.Rac1 Qb8 17.Ne5 Rd6 18.Nxf7 Kxf7 19.e5 Bxg2 20.Kxg2 Rdd8 21.exf6 Bxf6 
22.Ne4 Nd5 23.h5 h6 24.Qg4 Qb6 25.Rc5 Kg8 26.Rdc1 Kh8 27.Kg1 Qb7 28.Rc6 a5
29.Qe2 a4 30.Nxf6 Nxf6 31.d5 Nxd5 32.Be5 Rd7 33.Qg4 Rf7 34.Qg6 Kg8 35.bxa4
bxa4 36.Rxe6 Rxe6 37.Qxe6 Qb3 38.Qe8+ Rf8 39.Qe6+ Rf7 40.Qe8+ Rf8 41.Qg6 
Nf6 42.Rxc7 Qd1+ 43.Kg2 Qd5+ 44.f3 Rf7 45.Rc8+ Rf8 46.Rc7 Rf7 47.Rc8+ 
1/2-1/2

[Event "76th NED-ch final"]
[Site "Rotterdam NED"]
[Date "2021.12.02"]
[Round "5"]
[White "Lai, Hing Ting"]
[Black "Warmerdam, Max"]
[Result "1/2-1/2"]
[WhiteElo "2439"]
[BlackElo "2608"]
[EventDate "2021.11.27"]
[PlyCount "80"]

1.d4 d5 2.Nf3 Nf6 3.Bf4 Bf5 4.e3 e6 5.Bd3 Bd6 6.Bg3 O-O 7.O-O Bxg3 8.hxg3 
Nbd7 9.c4 dxc4 10.Bxc4 c5 11.Nc3 Rc8 12.Be2 Qb6 13.Na4 Qa5 14.Nxc5 Nxc5 
15.dxc5 Qxc5 16.Rc1 Qa5 17.a3 Be4 18.Qd4 Rfd8 19.Rxc8 Rxc8 20.Rd1 h6 21.
Ne5 Bd5 22.f3 Bb3 23.Rd2 Qd5 24.Qxd5 Nxd5 25.Kf2 f6 26.Ng6 Kf7 27.Nf4 Ke7 
28.Nxd5+ Bxd5 29.e4 Bb3 30.Rd3 Ba4 31.Rd4 Bd7 32.Rd2 e5 33.Ke3 Be6 34.f4 
g6 35.Bd3 Rc1 36.fxe5 fxe5 37.Rc2 Rxc2 38.Bxc2 a5 39.b4 axb4 40.axb4 Kd6 
1/2-1/2

[Event "76th NED-ch final"]
[Site "Rotterdam NED"]
[Date "2021.12.02"]
[Round "5"]
[White "Swinkels, Robin"]
[Black "Pruijssers, Roeland"]
[Result "0-1"]
[WhiteElo "2523"]
[BlackElo "2570"]
[EventDate "2021.11.27"]
[PlyCount "74"]

1.e4 e5 2.Nf3 Nf6 3.d4 Nxe4 4.Bd3 Nc6 5.Nxe5 Nxe5 6.dxe5 Nc5 7.Bc4 d6 8.
Be3 Be6 9.Bxe6 Nxe6 10.exd6 Bxd6 11.Qf3 Qh4 12.Nd2 O-O 13.O-O-O Qa4 14.Kb1
Qb5 15.Nb3 b6 16.Rd5 Qc4 17.Rhd1 Rad8 18.Nd2 Qa6 19.Ne4 Be7 20.Rd7 Rfe8 
21.h4 Rxd7 22.Rxd7 Qc8 23.Rd1 Bxh4 24.Rh1 Be7 25.Qh5 Nf8 26.Bd4 Qe6 27.f3 
Rd8 28.Bc3 Rd5 29.Qh2 Qd7 30.b3 f5 31.Nf2 Qc6 32.Rd1 Qxc3 33.Rxd5 Bf6 34.
Kc1 Qe3+ 35.Kd1 Qxf2 36.Qxc7 Qf1+ 37.Kd2 Qxg2+ 0-1

[Event "76th NED-ch final"]
[Site "Rotterdam NED"]
[Date "2021.12.03"]
[Round "6"]
[White "Pruijssers, Roeland"]
[Black "Lai, Hing Ting"]
[Result "1-0"]
[WhiteElo "2570"]
[BlackElo "2439"]
[EventDate "2021.11.27"]
[PlyCount "61"]

1.e4 c6 2.Nc3 d5 3.Nf3 dxe4 4.Nxe4 Nf6 5.Qe2 Nxe4 6.Qxe4 Nd7 7.Bc4 Nf6 8.
Ne5 e6 9.Qe2 b5 10.Bd3 Qc7 11.a4 Bd6 12.Nxc6 b4 13.Nd4 a6 14.Nf5 Be5 15.
Nxg7+ Kf8 16.Nh5 Nxh5 17.Qxh5 Bb7 18.O-O Rg8 19.f3 Rd8 20.Be4 Bxe4 21.fxe4
Rg7 22.c3 bxc3 23.bxc3 Kg8 24.Kh1 Qc4 25.Re1 Bc7 26.Qe2 Qc6 27.Ba3 h5 28.
Be7 Rd7 29.Bf6 Rg6 30.Rf1 e5 31.Qxh5 1-0

[Event "76th NED-ch final"]
[Site "Rotterdam NED"]
[Date "2021.12.03"]
[Round "6"]
[White "Warmerdam, Max"]
[Black "Swinkels, Robin"]
[Result "1-0"]
[WhiteElo "2608"]
[BlackElo "2523"]
[EventDate "2021.11.27"]
[PlyCount "47"]

1.d4 e6 2.c4 f5 3.g3 Nf6 4.Bg2 d5 5.Nf3 Bd6 6.O-O O-O 7.Nc3 c6 8.Qc2 Ne4 
9.Rb1 Nd7 10.b4 b6 11.b5 Qc7 12.Bb2 Bb7 13.Rfc1 Nxc3 14.Qxc3 cxb5 15.c5 b4
16.Qxb4 Be7 17.Qd2 Rfc8 18.Qe3 Qc6 19.cxb6 Qxb6 20.Bc3 Qa6 21.Rxb7 Qxb7 
22.Qxe6+ Kf8 23.Ne5 Nxe5 24.Bxd5 1-0